000 02975nam a2200517Ia 4500
003 OSt
005 20210927120023.0
008 130821k19822009ck adb frn i000 0 spa d
020 0 _a9789588307398
040 _aCo-BoUCM
_bspa
_cCO-JMCR
041 0 0 _aspa
082 0 4 _a338.9 /
_bI438a
_223
111 2 _aForo sobre el Desarrollo Mundial
_d2008
_940817
240 _aInforme sobre el desarrollo mundial
245 1 0 _aInforme sobre el desarrollo Mundial 2008 :
_bagricultura para el desarrollo
_cBanco Mundial
260 _aWashington :
_bMayol,
_c2009.
300 _axvii, 301 páginas :
_bilustraciones, mapas y gráficas a color ;
_c28 cm.
505 0 _a¿Qué puedo hacer la agricultura en favor del desarrollo?. -- ¿Qué puede hacer la agricultura en favor del desarrollo?. -- ¿En qué forma pueden implementarse mejor los programas de agricultura para el desarrollo?.
520 0 _aEn el siglo XXI la agricultura sigue siendo un instrumento fundamental para el desarrollo sostenible. Tres de cada cuatro personas pobres de los países en desarrollo viven en áreas rurales -2.100 millones viviendo con menos de US$2 por día y 880 millones con menos de US$1 por día- y la mayoría tiene como medio de vida la agricultura. Dadas las características de donde están y cómo pueden vivir mejor, es imperativa la promoción de la agricultura para cumplir el Objetivo de Desarrollo del Milenio de reducir a la mitad la pobreza y el hambre para 2015, y por varias décadas más. Sólo la agricultura no será suficiente para reducir masivamente la pobreza, pero es un componente esencial de las estrategias de desarrollo eficaces para la mayoría de los países en desarrollo.
610 1 4 _aBanco Mundial
_vInformes
_y1982-2009
_93923
650 1 4 _aFinanzas internacionales
_vInformes
_952179
650 2 4 _aIntegración económica internacional
_vInformes
_952180
650 2 4 _aMedio ambiente
_vInformes
_947817
650 2 4 _aMercado laboral
_vInformes
_952181
650 2 4 _aPolítica mundial
_922002
650 2 4 _aComercio exterior
_vInformes
_912956
650 2 4 _aDesarrollo científico y tecnológico
_vInformes
_952175
650 2 4 _aDesarrollo económico
_vInformes
_947813
650 2 4 _aDesarrollo rural
_vInformes
_952176
650 2 4 _aDesarrollo sostenible
_vInformes
_952178
650 2 4 _aDesarrollo urbano
_vInformes
_952177
650 2 4 _aEconomía internacional
_vInformes
_97543
650 2 4 _aPolítica económica
_vInformes
_921972
650 2 4 _aPolítica social
_vInformes
_922021
650 2 4 _aProblemas sociales
_vInformes
_946963
650 2 4 _aSalud mundial
_vInformes
_923952
650 2 4 _aSalud pública
_vInformes
_947081
650 2 4 _aProtección del medio ambiente
_vInformes
_922643
690 _942757
_aComercio
690 _942791
_aDesarrollo econm̤ico
690 _942797
_aEconoma̕ internacional
690 _942878
_aMedio ambiente
690 _942900
_aProblemas sociales
690 _942911
_aSalud pb͠lica
942 _cBK
_2ddc
999 _c12568
_d12568